Nomi Femminili più diffusi in Italia - Statistics

Statistiche generali
  • Questo quiz è stato fatto 584 volte
  • Il punteggio medio è 4 su 10
Statistiche sulle risposte
Posizione Nome % Corretto
2 Giulia
74%
1 Sofia
65%
10 Anna
61%
4 Alice
38%
3 Aurora
34%
7 Giorgia
34%
6 Emma
31%
5 Ginevra
24%
9 Beatrice
20%
8 Greta
15%
Nessun quiz corrispondente trovato
Distribuzione punteggi
Percentuale di utenti per punteggio
Percentile per numero di risposta
I tuoi punteggi nel tempo
Non hai fatto questo quiz